Prieskum mikrobiologickej kvality trvanlivého mlieka

Bibliographic Details
Main Authors: Slottová, Anna (Author), Kováčová, Mária (Author)
Format: Article
Language:Slovak
PhysicalDescription:Res. rus., angl., nem.
Subjects:

MARC

LEADER 00000nab a2200000 a 4500
001 vtls000028419
003 SK-MaSNL
005 20260303194703.0
008 111026c1978 xo 0 slo
015 |a SNBRA19rr/mm-uuuuu 
035 |a CL0038513 
040 |a SNKBUCL  |b slo  |c SNKBUCL  |e AACR2 
041 0 |a slo 
044 |a xo  |c SK 
080 |a 637.1  |2 1981 
100 1 |a Slottová, Anna  |4 aut  |9 5783 
245 1 0 |a Prieskum mikrobiologickej kvality trvanlivého mlieka  |c Anna Slottova, Mária Kováčová ; Anna Slottová 
300 |b Res. rus., angl., nem. 
650 0 7 |a trvanlivé mlieko  |2 snkbucl  |9 1227078 
655 7 |a články zo zborníkov  |2 snkbucl  |9 166140 
700 1 |a Kováčová, Mária  |4 aut  |9 303400 
700 1 |a Slottová, Anna  |4 aut  |9 5783 
773 0 |t Zborník prác Výskumného ústavu mliekárskeho v Žiline za roky 1975-1976  |d Bratislava : Príroda, 1978  |g S. 25-30 
850 |a Slovenská národná knižnica v Martine  |a MTA001 
852 |a SNK  |b KIS3GCP 
958 7 |a RK 
992 |a RZB 
999 |c 2158903  |d 2160833